| 000 | 03645nam a22003377a 4500 | ||
|---|---|---|---|
| 001 | PPSZ 0170 | ||
| 003 | gtcocun | ||
| 005 | 20251021191808.0 | ||
| 006 | a||||gr|||| 00| 0 | ||
| 007 | ta | ||
| 008 | 251021b2020 gt ||||| m||| 00| 0 eng d | ||
| 040 |
_agtcocun _bSPA _cgtcocun _eRDA |
||
| 041 | _aSPA PPSZ 0170 | ||
| 084 | _0PPSZ 0170 | ||
| 100 |
_aAx Zuleta, Eddy Josué _eAutor |
||
| 245 |
_aINFORME FINAL DE LA PRÁCTICA PROFESIONAL SUPERVISADA REALIZADA EN LA FINCA RUBEL HI, DE LA ALDEA CHICUXAB, DEL MUNICIPIO DE COBÁN, ALTA VERAPAZ/ _cEddy Josué Ax Zuleta. _hImpreso |
||
| 264 |
_aCobán, Alta Verapaz: _bUniversidad de San Carlos de Guatemala, Centro Universitario del Norte, Carrera de Técnico en Producción Pecuaria _c2020 |
||
| 300 |
_a69 p.: _bIlustraciones, gráficas. _c28 cm; |
||
| 300 | _cPDF | ||
| 336 |
_2rdacontenido _aTexto _btxt |
||
| 337 |
_2rdamedio _aComputadora _bn |
||
| 338 |
_2rdasoporte _aCódigo en línea _bcr |
||
| 502 | _ePPSZ 0170 | ||
| 502 |
_aPráctica Profesional Supervisada _bCarrera de Técnico en Producción Pecuaria, _cUniversidad de San Carlos de Guatemala, Centro Universitario del Norte, Carrera de Técnico en Producción Pecuaria _d2020 _oPPSZ 0170 |
||
| 520 | 1 | 4 | _aLa unidad de práctica finca “Rubel Hi”, cuenta con una sección de pollos de engorde, sección apícola y una sección de ovinos de pelo. Durante el desarrollo de la práctica se realizaron las siguientes actividades: Implementación de registros e identificación del rebaño, muestreo y análisis coprológico, determinación del rendimiento de pasto, diagnóstico fitopatológico en los pastos de la finca, prueba piloto para la utilización de una planta endémica en la alimentación ovina, estimación del consumo de proteína y energía para ovinos de pelo, identificación de plantas que visitan tres especies de abejas sin aguijón, manejo de abejas sin aguijón y abejas con aguijón. Dentro de los resultados más relevantes se puede mencionar los siguientes: el rebaño está constituido por más del 70% correspondiente a hembras en edad reproductora, los corderos tienen una infestación leve de coccidiosis (Eimeria sp.), los ovinos adultos tienen una infestación leve de Haemonchus contortus y Oesophagostomun sp, alimento verde deficiente en proteína y energía, la planta Debregeasia longifolia tiene un 23% de proteína cruda , en el pasto de corte se necesitan parcelas imaginarias de 15 por 15 metros, el pasto Napier Clon 69 es resistente a la roya (Puccinia graminis), se efectuaron dos trasiegos de meliponas hacia cajas tecnificadas, las siguientes plantas son de interés melífero y polinífero: Tzimaj (Tradescantia fluminensis), Ax (Polymnia maculata), Hierba de Toro (Tridax procumbens), Higuerillo (Ricinus comunis). Se realizó una investigación, en la cual se evaluó la aplicación de diferentes dosis de ácido indolbutírico y su efecto en el desarrollo de biomasa radicular y aérea de maíz (Zea mays), en un sistema de forraje verde hidropónico, los resultados y el análisis estadístico muestran que no hubo una diferencia estadística significativa de la dosis de la hormona vegetal y su efecto en la cantidad de biomasa producida. |
| 650 | 1 | 4 |
_2LEMB _aCobán, Alta Verapaz _xZootecnia _xCoprológico _xDiagnóstico fitopatológico _xRebaño _xForraje verde hidropónico |
| 700 |
_aLic. Mauricio Arturo Quiroa Roldán _eAsesor |
||
| 856 |
_uhttps://drive.google.com/file/d/1janT2mx6x18V7VsWspT4fEKj3f7Qb_oN/view _yPDF _zUn ejemplar en línea. |
||
| 942 |
_2ddc _cTES _iPPSZ 0170 _kClasificación _n0 _6PPSZ_0170_000000000000000 |
||
| 999 |
_c2378 _d2378 |
||